| Tag |
First Indicator |
Second Indicator |
Subfields |
| LEADER |
00000cam a2200000 a 4500 |
| 001 |
in00002082721 |
| 005 |
20151102121451.0 |
| 008 |
030807s2004 enka b 001 0 eng |
| 015 |
|
|
|a GBA3-V0758
|
| 020 |
|
|
|a 1843120895
|
| 029 |
0 |
|
|a UKM
|b bA3V0758
|
| 035 |
|
|
|a (OCoLC)ocm52920541
|
| 040 |
|
|
|a UKM
|c UKM
|d OCLCQ
|d BAKER
|d C#P
|d UtOrBLW
|
| 043 |
|
|
|a e-uk---
|
| 049 |
|
|
|a TXAM
|
| 050 |
|
4 |
|a LC4704.82
|b .F53 2004
|
| 082 |
0 |
4 |
|a 371.904334
|2 21
|
| 100 |
1 |
|
|a Flavell, Liz.
|
| 245 |
1 |
0 |
|a Access to ICT :
|b curriculum planning and practical activities for pupils with learning difficulties /
|c Liz Flavell, Liz Singleton and Iain Ross.
|
| 264 |
|
1 |
|a London :
|b David Fulton,
|c 2004.
|
| 300 |
|
|
|a 114 pages :
|b illustrations ;
|c 30 cm.
|
| 336 |
|
|
|a text
|b txt
|2 rdacontent
|
| 337 |
|
|
|a unmediated
|b n
|2 rdamedia
|
| 338 |
|
|
|a volume
|b nc
|2 rdacarrier
|
| 490 |
1 |
|
|a Access to the curriculum
|
| 504 |
|
|
|a Includes bibliographical references (page 112) and index.
|
| 650 |
|
0 |
|a Computer-assisted instruction
|z Great Britain.
|
| 650 |
|
0 |
|a Learning disabled children
|x Education
|z Great Britain.
|
| 650 |
|
0 |
|a Special education
|z Great Britain.
|
| 700 |
1 |
|
|a Singleton, Liz.
|
| 700 |
1 |
|
|a Ross, Iain
|c (Science teacher)
|
| 830 |
|
0 |
|a Access to the curriculum.
|
| 945 |
|
|
|i PromptCat
|
| 947 |
|
|
|a A14832682819
|
| 994 |
|
|
|a 92
|b TXA
|
| 948 |
|
|
|a cataloged
|b h
|c 2005/9/13
|d c
|e rbarron
|f 10:40:39 am
|
| 999 |
|
|
|a MARS
|
| 999 |
f |
f |
|s 1e8afe7b-1fcf-3505-8cdf-b47ef5390095
|i b87c9f48-50fc-3151-ab6e-759e38986044
|t 0
|
| 952 |
f |
f |
|p normal
|a Texas A&M University
|b College Station
|c Sterling C. Evans Library
|d Evans: Library Stacks
|t 0
|e LC4704.82 .F53 2004
|h Library of Congress classification
|i unmediated -- volume
|m A14832682819
|
| 998 |
f |
f |
|a LC4704.82 .F53 2004
|t 0
|l Evans: Library Stacks
|